| 000 | 01398cam a2200421 4500 | ||
|---|---|---|---|
| 999 |
_c23236 _d23236 |
||
| 001 | vtls011783641 | ||
| 005 | 20220428103853.0 | ||
| 008 | 200316s2018 xo er 010 fdslo | ||
| 020 |
_a9788055162874 _q(viazané) |
||
| 035 | _aurn:nbn:sk:snk-am00di97 | ||
| 035 | _aurn:nbn:sk:snk-am3i360 | ||
| 035 | _aA77015F2-94F5-4B8D-BD60-ED6103B63B2A | ||
| 040 |
_aTTKJF _bslo _dTTKJF _dSNK _erda _csk |
||
| 041 | 1 |
_aslo _heng |
|
| 044 |
_axo _cSK |
||
| 072 | 7 |
_a821.111-3 _xAnglická próza, anglicky písaná _2konspekt |
|
| 080 |
_a821.111-31 _22011 |
||
| 080 |
_a(0:82-312.4) _22011 |
||
| 100 | 1 |
_aRoberts, Mark _4aut _9729 |
|
| 240 | 1 | 0 |
_aDead Silent _lSlovensky |
| 245 | 1 | 0 |
_aMlčať je zlato _cMark Roberts ; preložil Martin Štulrajter |
| 264 | 1 |
_aBratislava _bIkar _c2018 |
|
| 300 |
_a398 strán _c21 cm |
||
| 336 |
_atext _btxt _2rdacontent |
||
| 337 |
_abez média _bn _2rdamedia |
||
| 338 |
_azväzok _bnc _2rdacarrier |
||
| 500 | _aPreložené z angličtiny | ||
| 500 | _aObsahuje biogrqafické údaje o autorovi na prebale publikácie | ||
| 655 | 7 |
_aanglické romány _2SNKPH _98 |
|
| 655 | 7 |
_adetektívne romány _2SNKPH _91710 |
|
| 655 | 7 |
_aEnglish fiction _2SNKPHeng _99 |
|
| 655 | 7 |
_aDetective novels _2SNKPHeng _91711 |
|
| 700 | 1 |
_aŠtulrajter, Martin _4trl _93057 |
|
| 958 | _aLX | ||
| 958 | _aBC | ||
| 958 | _aUP | ||